Мелиоративно дълбоко разрохкване на почвата (Запис номер 186774)
[ съкратено ]
| 000 -Лидер | |
|---|---|
| Контролно поле с фиксирана дължина | nam a22 a 4500 |
| 003 - Код на организацията, давaща контролен номер | |
| Контролно поле | BLK |
| 005 - Дата и час на последна редакция | |
| Контролно поле | 20230504140451.0 |
| 008 - Елементи от данни с фиксирана дължина | |
| fixed length control field | 180411b bul|||||r ||||||| ||bul|| |
| 010 ## - Наследен системен номер | |
| LC control number | KNG00195770000 |
| 040 ## - Източник на каталожния запис | |
| Идентификатор на билиотеката - собственик на записа | BLK |
| 041 ## - Код за език | |
| Код за езика на текст/звукозапис или на отделно заглавие | Български |
| Код за езика КДБФ | Български |
| 080 ## - УДК | |
| Текстов определител УДК | Селскостопански мелиорации |
| УДК код - определител по УДК | 631.6 |
| УДК определител | (035) |
| УДК - код + определител | 631.6(035) |
| 100 1# - Редна дума - Автор | |
| Автор | Пенков, Марин Добрев |
| Авторска отговорност | първи автор |
| R(LIN) | 377227 |
| 139 ## - Редно поле | |
| Редна дума | Пенков, Марин Добрев |
| Авторски знак | Пенк - П 35 |
| 245 10 - Сведения за заглавието | |
| Заглавие | Мелиоративно дълбоко разрохкване на почвата |
| Подзаглавни данни | Ръководство |
| Редно поле (дума) | Марин Добрев Пенков. |
| 257 ## - Страна на издаване | |
| Страна на създаване/издаване | България |
| 260 ## - Област на издателските данни | |
| Място на издаване, разпространение и проч. | София |
| Име на издателя, разпространителя и проч. | Земиздат |
| Година на издаване | 1993 |
| Печатница | Перник : Полиграф |
| 300 ## - Физическа характеристика | |
| Страници | 123 с. |
| Илюстрации и др. | с ил. |
| Размери/Мащаб | 20 см |
| 380 ## - Жанр | |
| Жанр | Селско стопанство |
| 490 ## - СЕРИИ (Колекции) | |
| Име на серия | Всичко за фермера |
| 9 (RLIN) | 205367 |
| 500 ## - Общи забележки | |
| Забележка | Библиогр. с. 118-119. - Офс. изд. |
| 650 #4 - Допълнително описание по предмет – тема | |
| Основно описание – тема или топоним | Селскостопански науки - България |
| 9 (RLIN) | 304869 |
| 650 #4 - Допълнително описание по предмет – тема | |
| Основно описание – тема или топоним | Мелиорации, селскостопански - справочници |
| 9 (RLIN) | 257912 |
| 852 ## - Местоположение | |
| Форматна сигнатура | Цб 174362 |
| Фондова буква | Хранилище |
| 856 4# - Електронен адрес и достъп | |
| Електронен формат | pdf - файл |
| Инструкция (цена за достъп) | 0.00 |
| Права за достъп | disable |
| 856 4# - Електронен адрес и достъп | |
| Електронен формат | pdf - файл |
| Инструкция (цена за достъп) | 0.00 |
| Права за достъп | disable |
| 999 ## - СИСТЕМНИ КОНТРОЛНИ НОМЕРА | |
| Koha biblionumber | 186774 |
| Koha biblioitemnumber | 186774 |
| 942 ## - АРТИКУЛИ | |
| Вид на библиотечния материал | Книги |
| Скрит в OPAC | Не |
| Периодичен библиозапис | Да |
| 944 ## - СЪЗДАВАНЕ И РЕДАКЦИЯ на ЗАПИСА | |
| Създаване/Редакция | Създаване |
| Дата на регистрацията/редакция | 11.11.2016 |
| Служител, извършил регистрацията/редакцията | Грета_Цуфелде |
| 944 ## - СЪЗДАВАНЕ И РЕДАКЦИЯ на ЗАПИСА | |
| Създаване/Редакция | Редакция |
| Дата на регистрацията/редакция | 11.11.2016 |
| Служител, извършил регистрацията/редакцията | Грета_Цуфелде |
| 999 ## - СИСТЕМНИ КОНТРОЛНИ НОМЕРА | |
| Koha biblioitemnumber | 186774 |
| Код за отписване | Код за изгубен артикул | Източник на класификационната схема | Код за повреда | Коз за рестрикции | Код за отдаване | Артикулен № | Име на библиотеката - собственик | Име на библиотеката, в която се намира в момента | Статус (Текущо местоположение) | Дата на вписване в системата | Местоположение - отдел | Цена в лева | Инвентарен номер | Систематично азбучна сигнатура | Баркод | Номер на екземпляра | Цена в евро | Служебна бележка | Служебен тип на артикула |
|---|---|---|---|---|---|---|---|---|---|---|---|---|---|---|---|---|---|---|---|
| Не е изгубен | Universal Decimal Classification | Не е повреден | без рестрикции | ползва се в читалня | 325574 | Регионална библиотека "Любен Каравелов" Русе | Регионална библиотека "Любен Каравелов" Русе | Хранилище | 1993-01-01 | Хранилище | 0.83 | 583046 | Цб 174362 | 120000583046 | 1 | 0.42 | N: стар фонд Дата: 01.01.1993 | Книги | |
| Изтеглен | Не е изгубен | Universal Decimal Classification | Не е повреден | без рестрикции | заемане за дома | 325575 | Регионална библиотека "Любен Каравелов" Русе | Регионална библиотека "Любен Каравелов" Русе | Заемна - подръчен фонд | 1993-01-01 | Заемна - подръчен фонд | 0.47 | 602068 | П 631.6/П 35 | 602068 | 2 | 0.24 | N: стар фонд Дата: 01.01.1993 Дата инв: 06.02.2018 Бележки инв: П2018 | Книги |
| Изтеглен | Не е изгубен | Universal Decimal Classification | Не е повреден | без рестрикции | заемане за дома | 325576 | Регионална библиотека "Любен Каравелов" Русе | Регионална библиотека "Любен Каравелов" Русе | Заемна - подръчен фонд | 1993-01-01 | Заемна - подръчен фонд | 0.47 | 602069 | П 631.6/П 35 | 602069 | 3 | 0.24 | N: стар фонд Дата: 01.01.1993 | Книги |